Liste des personnages de Rainbow Six : Siege - Statistiques

Statistiques générales
  • Ce quiz a été pris 3 840 fois
    2 756 depuis la dernière actualisation
  • Le résultat moyen est 40 sur 67
Statistiques - réponses
Unités Personnages % Correct
FBI Ash
94%
GIGN Montagne
91%
GIGN Doc
89%
GIGN Rook
86%
FBI Thermite
85%
GIGN Twitch
85%
GSG9 Blitz
84%
Spetsnaz Fuze
84%
SAS Sledge
84%
SAS Smoke
84%
GSG9 Bandit
83%
SAS Mute
83%
Spetsnaz Kapkan
82%
GSG9 Jäger
80%
FBI Castle
79%
FBI Pulse
79%
BOPE Caveira
78%
Spetsnaz Glaz
78%
GSG9 IQ
75%
Spetsnaz Tachanka
75%
GIGN NRBC Lion
74%
JTF-2 Frost
73%
BOPE Capitão
72%
Navy Seal Valkyrie
72%
JTF-2 Buck
71%
Navy Seal Blackbeard
70%
SAT Hibana
67%
SAS Thatcher
66%
707th SMB Vigil
66%
GEO Mira
65%
Spetsnaz NRBC Finka
63%
GEO Jackal
63%
SAT Echo
62%
GROM Ela
60%
SDU Lesion
59%
Nighthaven Kali
57%
GROM Zofia
55%
GIGR Kaid
53%
Nighthaven Ace
52%
707th SMB Dokkaebi
52%
SDU Ying
50%
G.I.S Alibi
49%
MPS Clash
49%
SASR Mozzie
49%
GIGR Nomad
49%
SASR Gridlock
47%
The Unit Maverick
47%
G.I.S Maestro
46%
Jaeger Corps Nokk
46%
Nighthaven Wamai
46%
Secret Service Warden
46%
APCA Amaru
43%
REU Iana
42%
Non affilié Azami
40%
ITF Melusi
38%
Nighthaven Aruni
37%
Non affilié Oryx
37%
Nighthaven Osa
36%
EOR Zero
36%
FES Goyo
35%
Viperstrike Brava
34%
Nighthaven Grim
33%
SFG Sens
32%
Unité d'Intervention d'Urgence Thorn
32%
Non affilié Thunderbird
32%
Non affilié Flores
31%
AFEAU Solis
30%
Aucun quiz correspondant
Distribution des résultats
% des personnes avec chaque résultat
Percentile par nombre de réponses
Votre historique - résultats
Vous n’avez pas pris ce quiz depuis la dernière actualisation